000 01126cam a2200217 4500
001 WB4001-28
008 031216n2003 000 0 eng u
035 _a(Sirsi) u124624
245 _aPPG6 replacement out for consultation
260 _c2003
490 _aODPM News Release
_v(2003/0275) 15 December 2003 (2)
520 _aThe revised "Planning policy statement 6 (PPS6): planning for town centres" has been launched and is out to public consultation until 15 March 2004. The policy encourages retailers to develop in town and city centres rather than build new stores in out-of-town locations. PPS6 is intended to replace PPG6 in due course. The draft PPS6 is available at http://www.odpm.gov.uk/stellent/groups/odpm_planning/documents/page/odpm_plan_026232.hcsp. http://www.odpm.gov.uk/pns/DisplayPN.cgi?pn_id=2003_0275
590 _aWB
650 _aREGENERATION
650 _aPLANNING POLICY STATEMENT 6
650 _aPLANNING POLICY GUIDANCE NOTE SIX
650 _aOUT-OF-TOWN RETAIL
650 _aTOWN CENTRE RETAIL
690 _aENVIRONMENTAL AND LAND CONSULTANCY-PLANNING AND DEVELOPMENT
942 _n0
999 _c73960
_d73960